000 00868nam a22002175i 4500
001 160811
003 ES-MaACL
005 20250831063041.0
008 990521s1882 sp bf |||| | spa d
040 _aCCPB | B
_bspa
_cCCPB | B
100 1 _aNovo y Colson, Pedro de,
_d1846-1931
_986091
245 1 0 _aHistoria de la guerra de España en el Pacífico /
_cpor Pedro de Novo y Colson.
250 _aEd. de lujo.
260 _aMadrid :
_b[s.n.],
_c1882 (
_fImprenta de Fortanet)
300 _a533, [2] p., [11] h. de lám., [1] h. de map. pleg. ;
_c27 cm.
599 _aLas h. de lám. lit.: ¨B. Maura, g.bó 1882 [-1883]¨.
599 _aLa h. de map. pleg.: ¨E. Hernandez grabó¨ y ¨Lit. Espiritu Santo 18, Madrid¨.
650 4 _aGuerra del Pacífico, 1865-1866.
_9157880
852 _aES-MaACL
_jG-2998
_z-- Enc. hol.
999 _c160811
_d160811